01054nam a2200253Ia 4500001001200000003000800012006001900020007001500039008004100054020001500095040002100110035002000131050002300151245009200174260006500266300002300331504005100354533015200405650003300557651003800590655002900628710001700657856012600674ebr10066555CaPaEBRm u cr cn|||||||||040805m2003 dcua sb 001 0 eng d z1931003505 aCaPaEBRcCaPaEBR a(OCoLC)7077355314aHC125b.G66 2003eb00aGood jobs wantedh[electronic resource] :blabor markets in Latin America: 2004 report. aWashington, D.C. :bInter-American Development Bank,cc2003. avi, 305 p. :bill. aIncludes bibliographical references and index. aElectronic reproduction.bPalo Alto, Calif. :cebrary,d2009.nAvailable via World Wide Web.nAccess may be limited to ebrary affiliated libraries. 0aLabor marketzLatin America. 0aLatin AmericaxSocial conditions. 7aElectronic books.2local2 aebrary, Inc.40uhttp://site.ebrary.com/lib/rucke/Doc?id=10066555zAn electronic book accessible through the World Wide Web; click to view